Quaestiones quodlibetales

Saved in:
Bibliografiske detaljer
Hovedforfatter: Tomás de Aquino 1220-1274 Santo (Author)
Format: Bog
Sprog:latin
Udgivet: Turín Marietti 1949
Udgivelse:8a. ed
Fag:
Tags: Tilføj Tag
Ingen Tags, Vær først til at tagge denne postø!

MARC

LEADER 00000nam a2200000 a 4500
001 UCZ5625
003 CL-VaPUC
008 951124e19490000IT |||||||||||||||||lat|d
082 0 4 |a 189.4  |b TOM  |2 21 
100 |a Tomás de Aquino  |d 1220-1274  |c Santo  |e author  |9 255832 
245 1 0 |a Quaestiones quodlibetales 
250 |a 8a. ed 
300 |a 269 p 
942 |c BK 
945 |d 19951124 00:00:00  |a cmena 
260 |a Turín  |b Marietti  |c 1949 
650 0 |a Escolasticismo  |9 264998 
650 0 |a Tomismo  |9 259214 
650 0 |a Filosofía medieval  |9 256245 
650 0 |a Teología   |9 258766 
650 0 |a Metafísica  |9 265649 
583 |a last modification  |c 19951124 00:00:00  |k Rodrigo Vera 
999 |c 241916  |d 241914 
952 |0 0  |1 0  |4 0  |6 189_400000000000000_TOM_1949  |7 0  |8 P  |9 254561  |a BIBEDU  |b BIBEDU  |c BIBEDU_PB  |d 2019-11-19  |i 1579274  |o 189.4 TOM 1949  |p 1579274  |r 2024-01-25  |w 2019-11-19  |y BK  |k FIL